AAA シングル曲 - Statistics

General Stats
  • This quiz has been taken 6 times
  • The average score is 21 of 71
Answer Stats
# リリース日 タイトル % Correct
38 2013年9月4日 恋音と雨空
100%
42 2014年9月17日 さよならの前に
75%
41 2014年7月2日 Wake up!
75%
50 2015年9月16日 愛してるのに、愛せない
50%
56 2019年1月9日 笑顔のループ
50%
55 2017年10月18日 LIFE
50%
44 2015年2月25日 Lil' Infinity
50%
53 2017年2月8日 MAGIC
50%
3 2005年11月16日 きれいな空
25%
5 2006年2月15日 ハレルヤ
25%
7 2006年5月31日 ハリケーン・リリ, ボストン・マリ
25%
8 2006年7月19日 ソウルエッジボーイ
25%
8 2006年7月19日 キモノジェットガール
25%
11 2006年11月15日 チューインガム
25%
14 2007年5月16日 唇からロマンチカ
25%
15 2007年7月18日 花火
25%
20 2009年1月14日 旅ダチノウタ
25%
24 2010年5月5日 逢いたい理由
25%
25 2010年8月18日 負けない心
25%
27 2011年2月16日 ダイジナコト
25%
34 2012年10月31日
25%
35 2013年1月23日 ほほえみの咲く場所
25%
45 2015年3月25日 ぼくの憂鬱と不機嫌な彼女
25%
47 2015年5月27日 アシタノヒカリ
25%
52 2016年10月5日 涙のない世界
25%
33 2012年7月25日 777 ~We can sing a song!~
25%
57 2019年10月23日 BAD LOVE
25%
18 2008年5月28日 BEYOND ~カラダノカナタ
25%
1 2005年9月14日 BLOOD on FIRE
25%
21 2009年7月29日 Break Down
25%
21 2009年7月29日 Break your name
25%
29 2011年8月30日 CALL
25%
30 2011年11月16日 Charge & Go!
25%
4 2005年12月5日 DRAGON FIRE
25%
24 2010年5月5日 Dream After Dream ~夢から醒めた夢~
25%
26 2010年11月17日 Endless Fighters
25%
48 2015年6月24日 Flavor of kiss
25%
2 2005年10月5日 Friday Party
25%
46 2015年4月29日 GAME OVER?
25%
13 2007年4月18日 Get チュー!
25%
23 2010年1月27日 Heart and Soul
25%
22 2009年10月21日 Hide-away
25%
29 2011年8月30日 I4U
25%
43 2015年1月28日 I'll be there
25%
9 2006年8月30日 Let it beat!
25%
30 2011年11月16日 Lights
25%
39 2014年2月26日 Love
25%
37 2013年6月26日 Love Is In The Air
25%
49 2015年7月29日 LOVER
25%
17 2008年1月9日 MIRAGE
25%
35 2013年1月23日 Miss you
25%
19 2008年8月27日 MUSIC!!!
25%
51 2016年6月8日 NEW
25%
28 2011年6月22日 No cry No more
25%
15 2007年7月18日 No End Summer
25%
54 2017年7月5日 No Way Back
25%
26 2010年11月17日 PARADISE
25%
36 2013年3月13日 PARTY IT UP
25%
10 2006年9月6日 "Q"
25%
16 2007年9月19日 Red Soul
25%
31 2012年2月22日 SAILING
25%
12 2006年12月6日 Samurai heart -侍魂-
25%
6 2006年3月23日 Shalala キボウの歌
25%
13 2007年4月18日 SHEの事実
25%
40 2014年3月26日 SHOW TIME
25%
32 2012年5月16日 Still Love You
25%
21 2009年7月29日 Summer Revolution
25%
15 2007年7月18日 SUNSHINE
25%
14 2007年5月16日 That's Right
25%
12 2006年12月6日 Winter lander!!
25%
19 2008年8月27日 ZERØ
25%
No matching quizzes found
Score Distribution
Percent of People with Each Score
Percentile by Number Answered
Your Score History
You have not taken this quiz